| 000 | 01124cam a2200349 a 4500 | ||
|---|---|---|---|
| 001 | 1932034 | ||
| 003 | LC | ||
| 005 | 20160322101405.0 | ||
| 008 | 860207s1986 nyu j 000 1 eng | ||
| 010 | _a 86002679 | ||
| 020 | _a9780440466338 | ||
| 040 |
_aDLC _cDLC _dDLC |
||
| 042 | _alcac | ||
| 050 | 0 | 0 |
_a.PZ 7 _b.B326 1986 |
| 082 | 0 | 0 |
_aFIC _bB344 1986 |
| 100 | 1 |
_aBauer, Marion Dane. _95188 |
|
| 245 | 1 | 0 |
_aOn my honor / _cMarion Dane Bauer. |
| 260 |
_aNew York : _bClarion Books, _cc1986. |
||
| 300 |
_a90 p. ; _c22 cm. |
||
| 562 | _e2 | ||
| 650 | 1 |
_aObedience _xFiction. _95230 |
|
| 650 | 1 |
_aAccidents _xFiction. _95231 |
|
| 650 | 1 |
_aFriendship _xFiction. _95232 |
|
| 650 | 1 |
_aConduct of life _xFiction. _95233 |
|
| 710 | 2 |
_aJuvenile Collection (Library of Congress) _5DLC _93833 |
|
| 856 | 4 | 2 |
_3Publisher description _uhttp://www.loc.gov/catdir/description/hm021/86002679.html |
| 856 | 4 | 2 |
_3Contributor biographical information _uhttp://www.loc.gov/catdir/enhancements/fy0736/86002679-b.html |
| 906 |
_a7 _bcbc _corignew _d1 _eocip _f19 _gy-gencatlg |
||
| 942 |
_2lcc _cBK |
||
| 999 |
_c8019 _d8019 |
||